MARC

LEADER 00000nam0a2200000 4500
001 303035
005 20231102001549.0
035 |a (RuTPU)RU\TPU\book\328253 
090 |a 303035 
100 |a 20150828d1968 m y0rusy50 ca 
101 0 |a rus 
102 |a RU 
105 |a a z 000zy 
200 1 |a Изготовление стоек железобетонных опор линий электропередачи  |f И. И. Косолапов, А. Г. Кроль 
210 |a Ленинград  |c Энергия  |d 1968 
215 |a 176 с.  |c ил. 
606 1 |a Опоры для линий электропередачи, железобетонные  |2 stltpush  |3 (RuTPU)RU\TPU\subj\47098  |9 66165 
610 1 |a железобетонные опоры 
610 1 |a стойки 
610 1 |a изготовление 
610 1 |a конструкции 
610 1 |a оборудование 
610 1 |a планирование 
675 |a 621.315.668.3  |v 3 
700 1 |a Косолапов  |b И. И.  |g Иосиф Израилевич 
701 1 |a Кроль  |b А. Г.  |g Арнольд Григорьевич 
801 1 |a RU  |b 63413507  |c 20150828 
801 2 |a RU  |b 63413507  |c 20220915  |g RCR 
942 |c BK